| 000 | 00449nam a2200145Ia 4500 | ||
|---|---|---|---|
| 008 | 220216s9999 xx 000 0 und d | ||
| 100 | _aChoudhury N R | ||
| 245 | 0 | _aThermostable insulating thermolastic elastomers from rubber polycarbonate blends | |
| 260 |
_bJournal of Elastomers and Plastics _c1996 |
||
| 300 | _a161-181 | ||
| 650 | _aRubber polycarbonate blends | ||
| 650 | _aThermoplastic elastomers | ||
| 700 | _aBhowmick A K | ||
| 942 | _cJS | ||
| 999 |
_c71302 _d71302 |
||